000 00898nam a2200229 u 4500
001 000282593
003 AM-YeHGA
005 20250618071846.0
008 031111s1988 ai r 000 0 arm d
020 _a5807700260
040 _aAM-YeHGA
041 1 _aarm
_hrus
245 1 0 _aԳորկայում :
_bՊատմվածքներ /
_cՎ.Դ. Ուլյանով; Ռուս. թարգմ.՝ Ա. Մկրտչյան; Խմբ.՝ Ս.Ա. Վարդանյան; Նկ.՝ Հ.Մ. Ծատուրյան.
260 _aԵրևան :
_bԱրևիկ,
_c1988.
300 _a50 էջ :
_bնկ. ;
_c21 սմ.
600 1 4 _aԼենին, Վլադիմիր Իլյիչ
_95803
650 1 4 _aՌուս գրականություն
_xՊատմվածք
_94645
700 1 _aՄկրտչյան, Անահիտ
_eթարգմ.
_4trl
700 1 _aՎարդանյան, Ս.Ա.
_eխմբ.
_4edt
700 1 _aԾատուրյան, Հ.Մ.
_eնկ.
_4art
090 _c104790
999 _c103470
_d103470